000 00240nam a2200097Ia 4500
001 643387
005 20250826153544.0
008 250824s9999 xx 000 0 und d
245 0 _aYİĞİT MUSTAFA
_cHASAN NAİL CANAT
260 _bGENÇ TİMAŞ
999 _c643387
_d643387